[Event "Asian University (Women)"]
[Site "Tornelo INT"]
[Date "2021.09.05"]
[Round "8"]
[White "Nithyalakshmi, Sivanesan"]
[Black "Otgonsuvd, Batsaikhan"]
[Result "1-0"]
[WhiteElo "1945"]
[BlackElo "1837"]
[PlyCount "159"]
[EventDate "2021.09.03"]
[EventType "swiss (rapid)"]
[EventRounds "9"]
[EventCountry "NET"]
[SourceTitle "CBM 204 Extra"]
[Source "ChessBase"]
[SourceDate "2021.11.30"]
[SourceVersion "1"]
[SourceVersionDate "2021.11.30"]
[SourceQuality "1"]

1. e4 d5 2. exd5 Qxd5 3. Nc3 Qa5 4. g3 c6 5. Bg2 Nf6 6. Nge2 Bf5 7. d3 e6 8. 0-0 Bd6 9. a3 Nbd7 10. Rb1 Qc7 11. b4 a6 12. Re1 0-0 13. Bb2 Rfd8 14. Nd4 Bg6 15. Ne4 Be5 16. f4 Bxd4+ 17. Bxd4 Nd5 18. c4 Ne7 19. Ba1 Nf5 20. Qd2 Nb6 21. c5 Nc8 22. Qc3 Qd7 23. g4 Qd4+ 24. Qxd4 Nxd4 25. Bb2 Bxe4 26. dxe4 Nb5 27. Rbd1 Ne7 28. a4 Nc7 29. Be5 Ne8 30. Bc3 f6 31. Kf2 Kf7 32. Bf1 Ng6 33. Kg3 Ke7 34. h4 e5 35. fxe5 Nxe5 36. Kf4 Ng6+ 37. Kg3 Ne5 38. Kf4 Ng6+ 39. Kg3 Nc7 40. h5 Ne5 41. Bxe5 fxe5 42. Bc4 Ne6 43. Bxe6 Kxe6 44. g5 a5 45. Rxd8 Rxd8 46. bxa5 Rd3+ 47. Kg4 Rd4 48. Kf3 Kd7 49. Rb1 Kc7 50. Ke3 Rxa4 51. Rf1 Ra3+ 52. Ke2 Rh3 53. Rf7+ Kb8 54. Rxg7 Rxh5 55. Kf3 Rh4 56. Re7 Rf4+ 57. Ke3 Rg4 58. Rxe5 Ka7 59. Kf3 Rg1 60. Kf4 Rf1+ 61. Kg4 Rg1+ 62. Kf5 Ka6 63. Re7 Rf1+ 64. Ke6 Rg1 65. Kf6 Rf1+ 66. Kg7 Rg1 67. Re5 Rh1 68. Rf5 Kxa5 69. e5 Kb5 70. e6 Re1 71. Kf7 Kc4 72. e7 b5 73. cxb6 c5 74. e8Q Rxe8 75. Kxe8 Kb5 76. b7 Kc6 77. b8Q h6 78. Qc8+ Kb5 79. Qxc5+ Ka4 80. Qb6 1-0

[Event "FIDE World Uni Blitz-C 1st"]
[Site "Tornelo INT"]
[Date "2021.03.13"]
[Round "6.94"]
[White "Otgonsuvd, Batsaikhan"]
[Black "Akok, Benjamin"]
[Result "0-1"]
[WhiteElo "1837"]
[BlackElo "1104"]
[PlyCount "54"]
[EventDate "2021.03.13"]
[EventType "swiss (blitz)"]
[EventRounds "10"]
[EventCountry "NET"]
[SourceTitle "EXT 2022"]
[Source "ChessBase"]
[SourceDate "2021.10.06"]
[SourceVersion "1"]
[SourceVersionDate "2021.10.06"]
[SourceQuality "1"]

1. e4 e5 2. Nf3 Nc6 3. Bc4 Nf6 4. 0-0 Bc5 5. d3 0-0 6. c3 Na5 7. Nxe5 Nxc4 8. Nxc4 d5 9. exd5 Qxd5 10. Ne3 Qe6 11. d4 Bd6 12. h3 Ne4 13. Nd2 Ng5 14. Re1 Qg6 15. Kh1 Nxh3 16. gxh3 Bxh3 17. Qf3 Qh6 18. Kg1 Qg6+ 19. Ng2 Bg4 20. Qe4 Bf5 21. Qf3 Qh6 22. Nf1 Bd7 23. Bxh6 gxh6 24. Qh5 Kh8 25. Qxh6 Rg8 26. Qf6+ Rg7 27. Re3 Rag8 0-1

[Event "FIDE World Uni Blitz-C 1st"]
[Site "Tornelo INT"]
[Date "2021.03.13"]
[Round "9.71"]
[White "Otgonsuvd, Batsaikhan"]
[Black "Brahman, Tharmasanthiran"]
[Result "0-1"]
[WhiteElo "1837"]
[BlackElo "1355"]
[PlyCount "86"]
[EventDate "2021.03.13"]
[EventType "swiss (blitz)"]
[EventRounds "10"]
[EventCountry "NET"]
[SourceTitle "EXT 2022"]
[Source "ChessBase"]
[SourceDate "2021.10.06"]
[SourceVersion "1"]
[SourceVersionDate "2021.10.06"]
[SourceQuality "1"]

1. e4 c5 2. Nf3 g6 3. d4 cxd4 4. Qxd4 Nf6 5. e5 Nc6 6. Qd1 Ng4 7. Nc3 Ngxe5 8. Nxe5 Nxe5 9. Bf4 Bg7 10. Qd5 d6 11. Bb5+ Bd7 12. Bxe5 Bxe5 13. Qxb7 Bxc3+ 14. bxc3 Bxb5 15. Qxb5+ Qd7 16. Qxd7+ Kxd7 17. Kd2 Rhc8 18. Rhb1 Rab8 19. Rb3 Rb6 20. Rab1 Rcb8 21. Kd3 Kc6 22. f4 e6 23. g3 Kc5 24. a3 Rc8 25. Rb4 Rcb8 26. Rc4+ Kd5 27. Rd4+ Kc6 28. Rbb4 d5 29. Rxb6+ axb6 30. Rb4 Ra8 31. a4 Kc5 32. Rb5+ Kc6 33. Rb4 Ra5 34. Kd4 f6 35. c4 dxc4 36. Rxc4+ Kd6 37. Rb4 Kc6 38. c3 Rd5+ 39. Ke3 Rd1 40. h4 Rg1 41. Kf3 Rc1 42. Rc4+ Kd5 43. Rc7 h5 0-1

[Event "MGL-ch (Women) 50th"]
[Site "Tsetserleg"]
[Date "2018.05.27"]
[Round "11"]
[White "Otgonsuvd, Batsaikhan"]
[Black "Mungunzul, Bat Erdene"]
[Result "1/2-1/2"]
[WhiteElo "1909"]
[BlackElo "1858"]
[PlyCount "73"]
[EventDate "2018.05.19"]
[EventType "tourn"]
[EventRounds "11"]
[EventCountry "MGL"]
[SourceTitle "EXT 2019"]
[Source "ChessBase"]
[SourceDate "2018.10.10"]
[SourceVersion "1"]
[SourceVersionDate "2018.10.10"]
[SourceQuality "1"]

1. e4 e5 2. Nf3 Nc6 3. Bb5 a6 4. Ba4 Nf6 5. Qe2 b5 6. Bb3 Bc5 7. c3 d6 8. d3 h6 9. h3 Ba7 10. Be3 Be6 11. Nbd2 Qe7 12. Bc2 d5 13. Bxa7 Rxa7 14. exd5 Bxd5 15. 0-0 0-0 16. Rfe1 Re8 17. a4 b4 18. d4 exd4 19. Qd3 Qd7 20. Rxe8+ Qxe8 21. Re1 Qd7 22. Nxd4 bxc3 23. bxc3 Ra8 24. N2b3 Nxd4 25. Nxd4 Bb7 26. Qg3 Re8 27. Rd1 Be4 28. Bb3 Qe7 29. Bc4 c5 30. Nf3 Bxf3 31. Qxf3 Qe4 32. Qxe4 Nxe4 33. Bxa6 Nxc3 34. Rc1 Nxa4 35. Bb5 Ra8 36. Bxa4 Rxa4 37. Rxc5 1/2-1/2

[Event "MGL-ch (Women) 50th"]
[Site "Tsetserleg"]
[Date "2018.05.21"]
[Round "4"]
[White "Nomindalai, Tumurbaatar"]
[Black "Otgonsuvd, Batsaikhan"]
[Result "1/2-1/2"]
[WhiteElo "1875"]
[BlackElo "1909"]
[PlyCount "94"]
[EventDate "2018.05.19"]
[EventType "tourn"]
[EventRounds "11"]
[EventCountry "MGL"]
[SourceTitle "EXT 2019"]
[Source "ChessBase"]
[SourceDate "2018.10.10"]
[SourceVersion "1"]
[SourceVersionDate "2018.10.10"]
[SourceQuality "1"]

1. d4 d5 2. Bf4 Nf6 3. Nf3 c5 4. e3 cxd4 5. exd4 Bg4 6. Nbd2 Nc6 7. c3 e6 8. Qb3 Qc8 9. Bd3 Be7 10. Ne5 Nxe5 11. Bxe5 0-0 12. Qc2 g6 13. Qb3 Nd7 14. h3 Bf5 15. Bxf5 Nxe5 16. dxe5 gxf5 17. g4 f6 18. exf6 Rxf6 19. 0-0-0 fxg4 20. hxg4 Rxf2 21. Qc2 Rf7 22. Rh5 Qc7 23. Rdh1 Bd6 24. g5 Rg7 25. g6 Rxg6 26. Nf3 Rf8 27. Qd3 Qf7 28. Rxh7 Qxh7 29. Rxh7 Bf4+ 30. Kd1 Kxh7 31. Nh4 Rfg8 32. Nxg6 Rxg6 33. Qd4 Bg5 34. Qxa7 Rg7 35. Qb6 Re7 36. Qd4 Kg6 37. a4 Bf6 38. Qd3+ Kf7 39. a5 Rd7 40. Qb5 Ke7 41. Qc5+ Rd6 42. b4 Kd7 43. b5 Bd8 44. a6 bxa6 45. bxa6 Bb6 46. a7 Bxa7 47. Qxa7+ Kd8 1/2-1/2

[Event "MGL-ch (Women) 50th"]
[Site "Tsetserleg"]
[Date "2018.05.20"]
[Round "2"]
[White "Uuriintuya, Uurtsaikh"]
[Black "Otgonsuvd, Batsaikhan"]
[Result "1-0"]
[WhiteElo "2181"]
[BlackElo "1909"]
[PlyCount "102"]
[EventDate "2018.05.19"]
[EventType "tourn"]
[EventRounds "11"]
[EventCountry "MGL"]
[SourceTitle "EXT 2019"]
[Source "ChessBase"]
[SourceDate "2018.10.10"]
[SourceVersion "1"]
[SourceVersionDate "2018.10.10"]
[SourceQuality "1"]

1. e4 d5 2. exd5 Qxd5 3. Nc3 Qa5 4. d4 c6 5. Bc4 Nf6 6. Nf3 Bf5 7. Ne5 e6 8. f3 h5 9. Qe2 Bb4 10. Bd2 Nbd7 11. Nxd7 Nxd7 12. a3 0-0-0 13. 0-0-0 Bxc3 14. Bxc3 Qc7 15. Be1 b5 16. Bd3 Bxd3 17. Rxd3 Kb7 18. Bg3 Qc8 19. Bh4 Rde8 20. a4 a6 21. axb5 axb5 22. Ra3 Qc7 23. Bg3 Qb6 24. Bf2 b4 25. Ra1 Ra8 26. Kd2 Ra5 27. Rhd1 Rha8 28. Rxa5 Qxa5 29. Ke1 Nf6 30. Bg3 g6 31. Kf2 Qd5 32. Qd2 Qc4 33. b3 Qc3 34. Qxc3 bxc3 35. Ke3 Ra2 36. Kd3 Nd5 37. Be1 Nf4+ 38. Kxc3 Nxg2 39. Bd2 Nh4 40. Rf1 Kb6 41. Kd3 Nf5 42. Bg5 Ra7 43. Bf6 Ra2 44. Re1 Kc7 45. Rc1 Kd7 46. Rb1 Kd6 47. Re1 Ra5 48. Be5+ Ke7 49. c4 f6 50. Bf4 g5 51. Bd2 Ra2 1-0

[Event "Asia-ch U16 Girls"]
[Site "Ulaanbaatar"]
[Date "2016.04.14"]
[Round "9"]
[White "Otgonsuvd, Batsaikhan"]
[Black "Nguyen, Hong Anh"]
[Result "0-1"]
[WhiteElo "1822"]
[BlackElo "1486"]
[PlyCount "132"]
[EventDate "2016.04.06"]
[EventType "swiss"]
[EventRounds "9"]
[EventCountry "MGL"]
[SourceTitle "EXT 2017"]
[Source "ChessBase"]
[SourceDate "2016.10.25"]
[SourceVersion "1"]
[SourceVersionDate "2016.10.25"]
[SourceQuality "1"]

1. e4 c5 2. Nf3 d6 3. c4 e5 4. Nc3 g6 5. d3 h6 6. g3 Bg7 7. Bg2 Ne7 8. 0-0 0-0 9. Ne1 Nbc6 10. Nc2 Be6 11. Be3 Nd4 12. Bxd4 cxd4 13. Ne2 Qd7 14. Qd2 f5 15. f4 Kh7 16. Nb4 fxe4 17. Bxe4 Nf5 18. Nc2 Ne7 19. Bg2 Rae8 20. Rae1 Bh3 21. Nc1 Bxg2 22. Qxg2 exf4 23. Rxf4 Rxf4 24. gxf4 d5 25. c5 Rc8 26. b4 Rf8 27. Ne2 Nf5 28. Qf2 Re8 29. Ng3 Ne3 30. Qe2 Qf7 31. Qf2 Nxc2 32. Rxe8 Qxe8 33. Qxc2 Qe3+ 34. Kg2 Qxf4 35. a4 h5 36. Nf1 h4 37. h3 g5 38. Qd2 Be5 39. Qf2 Qxf2+ 40. Kxf2 Bf4 41. b5 Kg6 42. c6 bxc6 43. bxc6 Kf6 44. Nd2 Ke6 45. Nb3 Be3+ 46. Kf3 Kd6 47. Na5 Kc7 48. Kg4 Kb6 49. Kf5 Bf4 50. Nb3 Kxc6 51. Nxd4+ Kc5 52. Ne6+ Kb4 53. Nxg5 Bxg5 54. Kxg5 Kxa4 55. Kf5 Kb4 56. Ke5 Kc5 57. d4+ Kc4 58. Kf4 a5 59. Kg4 a4 60. Kxh4 a3 61. Kg5 a2 62. h4 a1Q 63. h5 Qxd4 64. h6 Qh8 65. Kg6 Kd4 66. h7 Qe5 0-1

[Event "MGL-ch (Women) 48th"]
[Site "Uliastai"]
[Date "2016.02.24"]
[Round "11"]
[White "Batchimeg, Tuvshintugs"]
[Black "Otgonsuvd, Batsaikhan"]
[Result "1-0"]
[WhiteElo "2395"]
[BlackElo "1774"]
[PlyCount "93"]
[EventDate "2016.02.16"]
[EventType "tourn"]
[EventRounds "11"]
[EventCountry "MGL"]
[SourceTitle "CBM 171 Extra"]
[Source "ChessBase"]
[SourceDate "2016.04.26"]
[SourceVersion "1"]
[SourceVersionDate "2016.04.26"]
[SourceQuality "1"]

1. d4 Nf6 2. Bg5 d5 3. e3 g6 4. Bxf6 exf6 5. c4 c6 6. cxd5 Qxd5 7. Nc3 Qa5 8. Bc4 b5 9. Bb3 Bb4 10. Nge2 0-0 11. 0-0 Bb7 12. Rc1 Nd7 13. Ne4 Rfe8 14. d5 cxd5 15. Bxd5 Bxd5 16. Qxd5 f5 17. a3 Bf8 18. b4 Qd8 19. Qxd7 Rxe4 20. Qxb5 a5 21. Nc3 Qe8 22. Qb7 Rb8 23. Nxe4 fxe4 24. Qd5 axb4 25. axb4 Rxb4 26. Rc7 Rb5 27. Qc4 Rf5 28. Rd1 Qe5 29. g3 Bd6 30. Rc6 Qb2 31. Qc2 Qxc2 32. Rxc2 Be7 33. Rc8+ Kg7 34. Re8 Re5 35. Rd7 Kf6 36. g4 h6 37. Kg2 Re6 38. h4 Bc5 39. g5+ hxg5 40. hxg5+ Ke5 41. Red8 Rd6 42. Re7+ Kf5 43. Rxf7+ Kxg5 44. Re8 Rd5 45. Rxe4 Rf5 46. f4+ Kg4 47. Rg7 1-0

[Event "MGL-ch (Women) 48th"]
[Site "Uliastai"]
[Date "2016.02.21"]
[Round "8"]
[White "Otgonsuvd, Batsaikhan"]
[Black "Uuriintuya, Uurtsaikh"]
[Result "0-1"]
[WhiteElo "1774"]
[BlackElo "2255"]
[PlyCount "80"]
[EventDate "2016.02.16"]
[EventType "tourn"]
[EventRounds "11"]
[EventCountry "MGL"]
[SourceTitle "CBM 171 Extra"]
[Source "ChessBase"]
[SourceDate "2016.04.26"]
[SourceVersion "1"]
[SourceVersionDate "2016.04.26"]
[SourceQuality "1"]

1. e4 c5 2. Nf3 Nc6 3. d4 cxd4 4. Nxd4 g6 5. Nc3 Bg7 6. Be3 Nf6 7. Nxc6 bxc6 8. e5 Nd5 9. Nxd5 cxd5 10. Qxd5 Rb8 11. 0-0-0 Qc7 12. f4 0-0 13. c3 d6 14. exd6 exd6 15. Qxd6 Qb7 16. Qb4 Qxb4 17. cxb4 Bg4 18. Rd2 Rxb4 19. Bd3 a5 20. Rf1 Rfb8 21. b3 a4 22. Bc5 R4b7 23. Bc2 Rc8 24. b4 Bc3 25. Rd6 Bxb4 26. Bxb4 Rxb4 27. Rf2 a3 28. h3 Be6 29. Rd3 Bf5 30. Rdd2 Rb2 31. Kd1 Be6 32. Be4 Bb3+ 33. Ke2 Rxa2 34. Rxa2 Bxa2 35. Rf3 Re8 36. Re3 Bc4+ 37. Kd2 a2 38. Ra3 Rxe4 39. g3 Re2+ 40. Kc1 Re1+ 0-1

[Event "MGL-ch (Women) 48th"]
[Site "Uliastai"]
[Date "2016.02.17"]
[Round "3"]
[White "Mungunzul, Bat Erdene"]
[Black "Otgonsuvd, Batsaikhan"]
[Result "0-1"]
[WhiteElo "1739"]
[BlackElo "1774"]
[PlyCount "126"]
[EventDate "2016.02.16"]
[EventType "tourn"]
[EventRounds "11"]
[EventCountry "MGL"]
[SourceTitle "CBM 171 Extra"]
[Source "ChessBase"]
[SourceDate "2016.04.26"]
[SourceVersion "1"]
[SourceVersionDate "2016.04.26"]
[SourceQuality "1"]

1. d4 Nf6 2. c4 e6 3. Nc3 Bb4 4. Nf3 c5 5. e3 0-0 6. Bd2 d5 7. a3 Bxc3 8. Bxc3 Ne4 9. Qc2 Nxc3 10. Qxc3 cxd4 11. Nxd4 dxc4 12. Bxc4 Bd7 13. Rd1 Qe7 14. Qb3 b6 15. Bb5 Rc8 16. 0-0 Nc6 17. Nf3 Na5 18. Qa4 Bxb5 19. Qxb5 Rc7 20. b4 Nc4 21. Qa6 e5 22. h3 h6 23. Rc1 Rac8 24. Kh1 Rc6 25. Rfd1 Qc7 26. Qa4 Qb7 27. Rb1 b5 28. Qb3 Rf6 29. Kg1 Rg6 30. Kh1 Rf6 31. Kg1 Rg6 32. Kh1 Qa6 33. Rbc1 Re8 34. a4 Qf6 35. e4 a6 36. axb5 axb5 37. Rd5 Qb6 38. Kg1 Qe6 39. Nh4 Rf6 40. Nf5 Rxf5 41. Rxb5 Nd6 42. Qxe6 fxe6 43. exf5 Nxb5 44. Rc5 Nd6 45. Rxe5 Nxf5 46. Rc5 Rb8 47. g4 Ne7 48. b5 Nd5 49. h4 Kf7 50. Kg2 Ke7 51. Kg3 g5 52. h5 Kd6 53. Rc6+ Kd7 54. Rc5 Rc8 55. Rxc8 Kxc8 56. b6 Kb7 57. f4 Nxf4 58. Kf3 Kxb6 59. Ke4 Kc6 60. Ke5 Kd7 61. Kf6 Nxh5+ 62. Kg6 Nf4+ 63. Kxh6 Nh3 0-1

[Event "Ulaanbaatar Children's Game Girls 5th"]
[Site "Ulaanbaatar"]
[Date "2015.09.17"]
[Round "6.3"]
[White "Otgonsuvd, Batsaikhan"]
[Black "Munkhzul, Turmunkh"]
[Result "0-1"]
[WhiteElo "1760"]
[BlackElo "1715"]
[PlyCount "142"]
[EventDate "2015.09.14"]
[EventType "tourn"]
[EventRounds "7"]
[EventCountry "MGL"]
[SourceTitle "EXT 2024"]
[Source "ChessBase"]
[SourceDate "2023.10.10"]
[SourceVersion "1"]
[SourceVersionDate "2023.10.10"]
[SourceQuality "1"]

1. e4 e5 2. Nf3 Nc6 3. Bb5 a6 4. Ba4 Nf6 5. d3 b5 6. Bb3 h6 7. 0-0 d6 8. h3 Be7 9. a4 Bb7 10. axb5 axb5 11. Rxa8 Qxa8 12. Be3 Na5 13. c3 0-0 14. Na3 c6 15. Bc2 Bc8 16. b4 Nb7 17. Qc1 Be6 18. Qb2 Qc8 19. Kh2 Nh5 20. d4 Qc7 21. dxe5 dxe5 22. Bb3 Bxb3 23. Qxb3 Kh8 24. Kh1 Nf6 25. Nd2 Nd6 26. f3 Nh5 27. Rd1 f5 28. Bc5 fxe4 29. Bxd6 Qxd6 30. Nxe4 Qg6 31. Qc2 Rf4 32. Qd2 Ng3+ 33. Nxg3 Qxg3 34. Qe1 Qg5 35. Nc2 Qh5 36. Kh2 Bf6 37. Rd3 Qf5 38. Qd2 e4 39. fxe4 Rxe4 40. Rf3 Qe5+ 41. Kg1 c5 42. bxc5 Qxc5+ 43. Qf2 Qe7 44. Re3 Rxe3 45. Nxe3 Bxc3 46. Nd5 Qe1+ 47. Qxe1 Bxe1 48. Kf1 Ba5 49. Ne7 b4 50. Ke2 Bc7 51. Kd3 Bd6 52. Nf5 Bf8 53. Nd4 Kg8 54. Ke4 Kf7 55. g3 Kf6 56. Nb3 Bd6 57. Kf3 Ke5 58. Ke3 Kd5 59. g4 Ke5 60. h4 Be7 61. Na5 Bc5+ 62. Kf3 Kd4 63. Kf4 Kc3 64. Ke4 b3 65. Nxb3 Kxb3 66. Kf5 Bd4 67. Kg6 Kc4 68. h5 Bf6 69. g5 hxg5 70. h6 gxh6 71. Kxf6 g4 0-1

[Event "Ulaanbaatar Children's Game Girls 5th"]
[Site "Ulaanbaatar"]
[Date "2015.09.16"]
[Round "4.4"]
[White "Otgonsuvd, Batsaikhan"]
[Black "Buyanzaya, Adiyasuren"]
[Result "1-0"]
[WhiteElo "1760"]
[BlackElo "1638"]
[PlyCount "173"]
[EventDate "2015.09.14"]
[EventType "tourn"]
[EventRounds "7"]
[EventCountry "MGL"]
[SourceTitle "EXT 2024"]
[Source "ChessBase"]
[SourceDate "2023.10.10"]
[SourceVersion "1"]
[SourceVersionDate "2023.10.10"]
[SourceQuality "1"]

1. e4 e5 2. Nf3 Nc6 3. Bb5 a6 4. Ba4 d6 5. d4 b5 6. Bb3 Nxd4 7. Nxd4 exd4 8. Bd5 Rb8 9. Qxd4 Bd7 10. Qc3 Nf6 11. 0-0 Be7 12. Bc6 0-0 13. Be3 Ng4 14. Bd4 Bf6 15. Bxf6 Nxf6 16. Nd2 Re8 17. f3 Re6 18. Bxd7 Qxd7 19. Nb3 Rbe8 20. Rad1 h6 21. Nc5 Qc6 22. Nxe6 Qxc3 23. bxc3 Rxe6 24. c4 b4 25. Rb1 a5 26. c3 c5 27. cxb4 axb4 28. a3 bxa3 29. Rb8+ Re8 30. Rxe8+ Nxe8 31. Ra1 Kf8 32. Rxa3 Nf6 33. Ra7 Ke8 34. Kf2 Nd7 35. Ra6 Ke7 36. f4 g6 37. h3 h5 38. g3 f6 39. Ke3 Ke6 40. g4 hxg4 41. hxg4 g5 42. f5+ Ke7 43. Ra7 Ke8 44. Ra8+ Ke7 45. Ra7 Ke8 46. e5 fxe5 47. Ra8+ Kf7 48. Rh8 Nf6 49. Kf3 Ke7 50. Rh6 e4+ 51. Kg3 Kf7 52. Rg6 e3 53. Kf3 e2 54. Kxe2 Nxg4 55. Rxd6 Ne5 56. Rd5 Nxc4 57. Kd3 Nb6 58. Rxc5 Nd7 59. Rc7 Ke7 60. Kd4 Kd6 61. Ra7 Nf6 62. Rg7 g4 63. Rg6 Ke7 64. Ke5 Nd7+ 65. Kf4 Nf6 66. Kg5 Ne4+ 67. Kxg4 Nf6+ 68. Kg5 Ne4+ 69. Kh6 Kf7 70. Rc6 Ng3 71. Kg5 Ne4+ 72. Kf4 Nf6 73. Rc7+ Kf8 74. Kg5 Nd5 75. Rb7 Kg8 76. Rd7 Nb6 77. Rd6 Nc4 78. Rc6 Ne5 79. Rc7 Nf7+ 80. Kf6 Nh6 81. Kg6 Kf8 82. Kxh6 Kg8 83. Kg6 Kf8 84. f6 Ke8 85. f7+ Kd8 86. Ra7 Kc8 87. f8Q# 1-0

[Event "Ulaanbaatar Children's Game Girls 5th"]
[Site "Ulaanbaatar"]
[Date "2015.09.14"]
[Round "1.2"]
[White "Otgonsuvd, Batsaikhan"]
[Black "Lkhagvadolgor, Serchinbal"]
[Result "1-0"]
[WhiteElo "1760"]
[BlackElo "1520"]
[PlyCount "169"]
[EventDate "2015.09.14"]
[EventType "tourn"]
[EventRounds "7"]
[EventCountry "MGL"]
[SourceTitle "EXT 2024"]
[Source "ChessBase"]
[SourceDate "2023.10.10"]
[SourceVersion "1"]
[SourceVersionDate "2023.10.10"]
[SourceQuality "1"]

1. e4 e6 2. d4 d5 3. exd5 exd5 4. Nf3 Bd6 5. h3 Ne7 6. c4 dxc4 7. Bxc4 0-0 8. 0-0 c6 9. a4 a5 10. Nc3 Na6 11. Ng5 h6 12. Nge4 Bf5 13. Be3 Nb4 14. Qd2 Ng6 15. Rad1 Re8 16. Ng3 Bxg3 17. fxg3 Be6 18. b3 Qc7 19. Qf2 Re7 20. Bxe6 Rxe6 21. d5 Nxd5 22. Nxd5 cxd5 23. Rxd5 Rae8 24. Bd2 b6 25. Kh2 Re2 26. Qd4 R8e4 27. Rd8+ Kh7 28. Qd7 Re7 29. Qxc7 Rxc7 30. Re1 Rce7 31. Rxe2 Rxe2 32. Kg1 Ne7 33. Kf1 Re6 34. g4 Kg6 35. Kf2 Nc6 36. Rd5 Ne7 37. Rb5 f5 38. Be3 fxg4 39. Bxb6 gxh3 40. gxh3 Rf6+ 41. Kg2 Nd5 42. Bxa5 Ne3+ 43. Kg3 Nf1+ 44. Kg2 Ne3+ 45. Kh2 Rf2+ 46. Kg3 Rb2 47. Bc3 Rb1 48. a5 Nf5+ 49. Kf3 Rc1 50. Rb6+ Kf7 51. Bd2 Rc2 52. Bf4 Ra2 53. a6 Nd4+ 54. Ke4 Nxb3 55. Rxb3 Rxa6 56. Rb7+ Kg8 57. Be5 Rg6 58. Kf5 Rg1 59. h4 Kh7 60. Ke6 Rg4 61. h5 Rg5 62. Rf7 Kg8 63. Rf5 Rg1 64. Ke7 Rg5 65. Ke6 Kh7 66. Bd6 g6 67. Rf7+ Kg8 68. Rf8+ Kg7 69. Rf7+ Kg8 70. Rf8+ Kg7 71. Be7 Rg1 72. Rf7+ Kg8 73. hxg6 Rxg6+ 74. Bf6 Rg1 75. Re7 Re1+ 76. Be5 Rf1 77. Rg7+ Kf8 78. Rh7 Rg1 79. Rh8+ Rg8 80. Rxh6 Ke8 81. Rh7 Rg6+ 82. Bf6 Kf8 83. Rc7 Kg8 84. Rc8+ Kh7 85. Rh8# 1-0